00779cam a22002291i 4500001001300000003000400013005001700017008004100034010001700075035002700092040003400119050002100153066000700174100003300181245004700214260006700261300003200328650004700360880003500407880004500442880006200487c 66000700 DLC20260227111035.0980720s1964 ch 000 0 chi  ac 66000700  a(CStRLIN)DCLP98-B10358 aDLCcDLCdDLC-RdCStRLINdDLC00aPL2264b.H8 1964 c$11 6880-01aHu, Shi,d1891-1962.106880-02aBai hua wen xue shi /cHu Shi zhu. 6880-03aTaibei :bWen guang tu shu gong si,cMin guo 53 [1964] a12, 13, 5, 336 p. ;c21 cm. 0aChinese literaturexHistory and criticism.1 6100-01/$1a胡適,d1891-1962.106245-02/$1a白話文學史 /c胡適著. 6260-03/$1a台北 :b文光圖書公司,c民國53 [1964]